Sports Quiz

Random Sports or Baseball Quiz
Score 0/20 Timer 05:00
0 Plays Today
Rookie of the Year Player % Correct
2001Albert Pujols
90.1%
2001Ichiro Suzuki
82.8%
2007Dustin Pedroia
82.4%
2005Ryan Howard
81.4%
1982Cal Ripken
70.5%
1947Jackie Robinson
66.5%
1956Frank Robinson
66.3%
1951Willie Mays
64.7%
1975Fred Lynn
58.3%
1968Johnny Bench
55.6%
Rookie of the Year Player % Correct
1986Jose Canseco
49.8%
1963Pete Rose
49%
1991Jeff Bagwell
42.2%
1977Andre Dawson
41.7%
1959Willie McCovey
38.8%
1970Thurman Munson
30.4%
1967Rod Carew
30.2%
1958Orlando Cepeda
26.2%
1949Don Newcombe
23.4%
1964Dick Allen
20.5%

You're not logged in!

Compare scores with friends on all Sporcle quizzes.
OR
Log In

Sporcle TV

Today on Sporcle TV


Watch our educational content, quiz creation guides, and fun videos on Sporcle TV.

Show Comments

Extras

Top Quizzes Today


Score Distribution

Paid Content

Your Account Isn't Verified!

In order to create a playlist on Sporcle, you need to verify the email address you used during registration. Go to your Sporcle Settings to finish the process.

Report this User

Report this user for behavior that violates our Community Guidelines.

Details: